| 000 | 00540nam a2200181 i 4500 | ||
|---|---|---|---|
| 001 | 83922 | ||
| 003 | ES-MaACL | ||
| 005 | 20251002204040.0 | ||
| 007 | t| | ||
| 008 | 041118s1940 cu ||||1| spa d | ||
| 100 | 1 |
_aIraizoz, Antonio. _965408 |
|
| 245 | 1 | 0 |
_aEmilio de Girardin y el periodismo moderno / _cAntonio Iraizoz. |
| 260 |
_aLa Habana : _b[s.n., _c1940] ( _fLa Verónica) |
||
| 300 |
_a50 p. ; _c17 cm. |
||
| 600 | 1 | 4 |
_aGirardin, Émile de, _d1806-1881 _957233 |
| 852 |
_aES-MaACL _j1938-F-11 _bR.31439 |
||
| 999 |
_c83922 _d83922 |
||